000 00492nam a2200193Ia 4500
003 OSt
005 20251119103839.0
008 210210b1948 xxu||||| |||| 00| 0 eng d
040 _cAL
041 _aKannada
082 _a851/139
100 _aGOVINDA (Pai)
_962531
_dಗೋವಿಂದ (ಪೈ)
245 _aGolgotha
_bಗೊಲ್ಗೊಥಾ
260 _aMangalore
_b-
_c1948
650 _aGolgotha
_962532
690 _aKannada Poetry
_962533
906 _a018155
942 _2ddc
_cBK
999 _c141281
_d141281